Chitty Chitty Bang Bang - Doll on a Music Box lyrics - Statistics

General Stats
  • This quiz has been taken 148 times
  • The average score is 79 of 130
Answer Stats
Lyrics % Correct
a
98%
a
98%
box
88%
box
88%
music
88%
music
88%
you
88%
You
88%
do
86%
on
83%
on
83%
I
78%
me
77%
doll
75%
see
72%
What
72%
what
72%
by
70%
by
70%
key
68%
at
63%
around
60%
that's
60%
that's
60%
wound
60%
wound
60%
turning
59%
and
57%
I'm
53%
can
51%
people
49%
gazing
48%
for
41%
under
40%
kiss
39%
spell
39%
tell
38%
to
38%
love's
36%
waiting
36%
be
35%
first
35%
how
35%
this
32%
this
32%
free
28%
long
26%
yearning
25%
much
24%
cannot
22%
While
17%
while
17%
No matching quizzes found
Score Distribution
Percent of People with Each Score
Percentile by Number Answered
Your Score History
You have not taken this quiz